European Coastal Cities > 200k Population - Statistics

General Stats
  • This quiz has been taken 144 times
    76 since last reset
  • The average score is 41 of 57
Answer Stats
Population City % Correct
545,796 Lisbon
93%
343,477 Nice
93%
231,800 Porto
93%
643,452 Athens
91%
1,627,559 Barcelona
91%
870,321 Marseille
91%
921,468 Amsterdam
89%
664,028 Helsinki
89%
15,244,936 Istanbul
89%
913,462 Naples
88%
709,037 Oslo
88%
620,974 Riga
88%
664,071 Rotterdam
88%
437,817 Tallinn
88%
578,063 Málaga
86%
984,748 Stockholm
86%
250,369 Venice
86%
289,330 Bergen
84%
558,745 Genoa
84%
2,748,109 Rome
84%
788,842 València
84%
316,015 Bari
82%
486,022 Gdańsk
82%
1,010,537 Odessa
82%
5,601,911 St. Petersburg
82%
357,377 Malmö
81%
319,045 Thessaloniki
81%
596,841 Gothenburg
79%
1,853,935 Hamburg
77%
490,449 Kaliningrad
77%
246,243 Kiel
77%
562,416 The Hague
77%
310,664 Varna
75%
466,078 Sochi
74%
338,768 Alicante
72%
485,386 Sevastopol
72%
212,660 Trondheim
72%
285,273 Aarhus
68%
245,541 A Coruña
68%
211,848 Oulu
67%
294,650 Vigo
65%
263,688 Constanța
63%
305,274 Espoo
63%
208,400 Rostock
63%
216,277 Lübeck
61%
425,681 Mariupol
60%
270,384 Murmansk
58%
215,922 Patras
51%
200,273 Almería
49%
301,199 Arkhangelsk
47%
245,222 Gdynia
47%
269,311 Gijón
47%
215,826 Cartagena
42%
235,566 Elche
35%
221,750 Badalona
28%
262,293 Novorossiysk
28%
245,120 Taganrog
18%
No matching quizzes found
Score Distribution
Percent of People with Each Score
Percentile by Number Answered
Your Score History
You have not taken this quiz since the last reset